[Event "POR-chT 1st Divison 2018"]
[Site "Maia"]
[Date "2018.07.22"]
[Round "9"]
[White "Santos Latasa, Jaime"]
[Black "Kantans, Toms"]
[Result "1/2-1/2"]
[WhiteElo "2576"]
[BlackElo "2529"]
[Annotator "TA"]
[PlyCount "71"]
[EventDate "2018.07.16"]
[EventType "team-tourn"]
[EventCountry "POR"]
[SourceTitle "playchess.com"]
[Source "ChessBase"]
[SourceQuality "1"]

{[%evp 20,71,22,30,33,40,26,27,37,34,43,36,45,33,44,8,36,3,8,8,6,0,4,9,10,0,0,-8,0,0,0,0,0,0,0,0,5,5,18,5,5,5,5,5,5,2,2,0,7,0,6,0,7,0]} 1. e4 e5 2. Nf3 Nc6 3. Bb5 {[%cal Bf1b5,Bb5a4,Ba4b3][%mdl 32]} a6 4. Ba4 Nf6 5. O-O Nxe4 6. d4 b5 7. Bb3 d5 8. dxe5 Be6 9. Qe2 Nc5 10. Rd1 Nxb3 11. axb3 {LiveBook: 12 Games} Qd7 {C81: Open Ruy Lopez: Keres Variation (9 Qe2)} (11... Qc8 12. c4 dxc4 13. bxc4 Bxc4 14. Qe4 Qe6 15. Nd4 Qd5 16. Qxd5 Bxd5 17. Nxb5 O-O-O 18. Rxa6 Kb7 19. Ra1 Be7 {1-0 (45) Giri,A (2752)-Smeets,J (2608) Amstelveen 2017}) 12. Nc3 $146 ({Predecessor:} 12. c4 bxc4 13. bxc4 d4 14. Nc3 Bc5 15. Ne4 Bb4 16. h3 d3 17. Rxd3 Bxc4 18. Rxd7 Bxe2 19. Rxc7 Bxf3 20. Rxc6 Bxe4 {½-½ (38) Tarzia,P (1429)-Cehajic,M (2001) IECC email 2002}) 12... b4 13. Na4 Be7 {White has an edge.} 14. Bg5 O-O 15. Bxe7 Qxe7 16. Qe3 Rfb8 17. Qc5 Qe8 18. Nd4 (18. h3 {is more complex.} Rb5 19. Qe3 Rab8 20. Ne1 Bf5 21. g4) 18... Nxd4 {The position is equal.} 19. Qxd4 Rb5 20. Rac1 Rab8 21. Nc5 Qe7 22. Nxe6 ({But not} 22. Nxa6 c5 $15) 22... fxe6 23. f4 Rf8 24. g3 g5 25. Rf1 Qc5 26. Qxc5 Rxc5 27. fxg5 Rxf1+ 28. Kxf1 $11 {[%mdl 4096] Endgame KR-KR} d4 29. Ke2 Rxe5+ 30. Kd3 Rxg5 31. Kxd4 Rd5+ 32. Ke3 Re5+ 33. Kf3 Rf5+ 34. Ke3 Re5+ 35. Kf3 Rf5+ 36. Ke3 {Precision: White = 47%, Black = 77%.} 1/2-1/2

[Event "POR-chT 1st Divison 2018"]
[Site "Maia"]
[Date "2018.07.22"]
[Round "9"]
[White "Spraggett, Kevin Barry"]
[Black "Larino Nieto, David"]
[Result "0-1"]
[WhiteElo "2530"]
[BlackElo "2423"]
[Annotator "TA"]
[PlyCount "102"]
[EventDate "2018.07.16"]
[EventType "team-tourn"]
[EventCountry "POR"]
[SourceTitle "playchess.com"]
[Source "ChessBase"]
[SourceQuality "1"]

{[%evp 9,102,45,46,30,41,27,27,16,17,14,65,34,25,36,36,30,27,-20,-9,-1,-6,-40,0,0,0,-32,0,-8,13,-21,-21,-36,-34,-39,-41,-54,-37,-41,-33,-30,-20,-14,-18,-37,-40,-32,-44,-48,-40,-45,-32,-37,-8,-17,-9,-15,-2,-2,-2,-18,-15,-38,-41,-39,-31,-38,-2,-22,-14,-54,-61,-69,-41,-44,-25,-77,-11,-52,-42,-47,-50,-68,-77,-85,-85,-80,-80,-575,-564,-554,-532,-522,-531,-515,-512]} 1. c4 e6 2. Nf3 g5 (2... d5 3. d4 Nf6 4. Nc3 c5 5. cxd5 Nxd5 6. e4 Nxc3 7. bxc3 cxd4 8. cxd4 Bb4+ 9. Bd2 Bxd2+ 10. Qxd2 O-O 11. Bc4 Nd7 12. O-O b6 13. Rad1 Bb7 14. Rfe1 Rc8 15. Bb3 Re8 16. h3 Nf6 17. Qf4 Nh5 18. Qe5 Nf6 19. Qf4 Nh5 20. Qh2 h6 21. d5 exd5 22. exd5 Rxe1+ 23. Nxe1 {½-½ (57) So,W (2799)-Kramnik,V (2800) Berlin 2018}) 3. d4 h6 4. Nc3 Bg7 5. h3 d6 6. g4 $146 {A13: English Opening: 1...e6} ({Predecessor:} 6. e4 Ne7 7. Bd3 Ng6 8. Ne2 c5 9. e5 cxd4 10. Bxg6 fxg6 11. Qxd4 dxe5 {0-1 (37) Kranewitter,N (2097)-Sobolevsky,L (2239) Neustadt an der Weinstrasse 2012}) 6... Nc6 7. e3 f5 8. Rg1 {White has an edge.} fxg4 9. hxg4 Nge7 (9... Nf6 $11) 10. Be2 O-O 11. Bd2 Bd7 {[%cal Bc8d7,Bd7e8,Be8g6][%mdl 32]} 12. a3 Be8 13. Qb3 Bg6 14. Rg3 Qd7 15. Kf1 Rf7 16. Kg1 Raf8 17. Rf1 b6 18. Qd1 Nb8 19. b4 c5 20. bxc5 bxc5 21. dxc5 dxc5 22. Na4 Qc7 23. Bc3 e5 24. Nd2 Nd7 {[%cal Bb8d7,Bd7f6,Bf6e4][%mdl 32]} 25. Rh3 Nf6 26. Rg3 Ne4 27. Nxe4 Bxe4 28. Ba1 Ba8 {...Qc6 is the strong threat.} 29. Nc3 e4 {aiming for ...Rxf2!} 30. Rh3 Rd8 31. Qc2 Qc6 32. Nd5 $1 Bxa1 33. Rxa1 Qe6 34. Rf1 Rc8 35. Nxe7+ Rxe7 36. Qc3 Rf8 37. Rh2 Rd7 38. Rb1 Kh7 39. a4 {[%cal Ba3a4,Ba4a5,Ba5a6][%mdl 32]} Bc6 40. a5 Rfd8 41. Kg2 {Black should prevent Rbh1.} Rf7 42. Kg1 (42. Rbh1 $11 {remains equal.}) 42... Kg8 ({Black should play} 42... Rd3 $17 43. Bxd3 exd3) 43. a6 Rfd7 {[%cal Bf7d7,Bd7d6,Bd6a6,Ba6a1,Ba1b1][%mdl 32]} 44. Kg2 Rf8 45. Kg1 Rd6 46. Rb2 Bd7 47. Rb7 Rxa6 48. Qd2 $2 {[%mdl 8192] [#]} (48. Qb2 $17 {is a better chance.}) 48... Ra1+ $19 {Black is clearly winning.} 49. Kg2 Qf6 50. Bd1 Bc6 51. Rc7 Rb1 {Precision: White = 43%, Black = 68%.} 0-1

[Event "POR-chT 1st Divison 2018"]
[Site "Maia"]
[Date "2018.07.22"]
[Round "9"]
[White "Ftacnik, Lubomir"]
[Black "Ribeiro, Fernando"]
[Result "1-0"]
[WhiteElo "2514"]
[BlackElo "2165"]
[Annotator "TA"]
[PlyCount "79"]
[EventDate "2018.07.16"]
[EventType "team-tourn"]
[EventCountry "POR"]
[SourceTitle "playchess.com"]
[Source "ChessBase"]
[SourceQuality "1"]

{[%evp 17,79,16,45,34,64,51,64,76,66,62,62,60,73,67,69,62,63,62,65,44,60,50,60,60,76,51,114,114,113,112,139,126,131,123,137,155,214,199,221,220,267,238,262,265,236,254,332,327,497,499,477,453,702,690,1116,843,12833,12833,5722,6612,29992,29993,29993,29994]} 1. d4 b6 2. c4 Bb7 3. Nc3 e6 4. a3 Nf6 5. Nf3 g6 6. g3 Bg7 {E12: Queen's Indian: Unusual White 4th moves, 4 a3, 4 Nc3 Bb7 5 a3 and 4 Nc3 Bb7} 7. Bg2 O-O 8. O-O d6 (8... Ne4 9. Bd2 Nxd2 10. Qxd2 d6 11. d5 e5 12. e4 f5 13. Ng5 Bh6 14. h4 {0-1 (43) Wang,Y (2736)-Tomashevsky,E (2689) Sochi 2009}) 9. d5 e5 {LiveBook: 3 Games} 10. Bd2 $146 ({Predecessor:} 10. e4 c5 11. Ne1 Nbd7 12. Nd3 h5 13. Bg5 Qb8 {½-½ (21) Spirin,O (2430)-Trapl,J (2337) Teplice 2008}) 10... h6 11. e4 Nbd7 12. Ne1 {[%cal Bf3e1,Be1c2,Bc2e3,Be3d5][%mdl 32]} Qe7 13. b4 Rfc8 14. Nc2 c6 15. dxc6 Bxc6 16. Ne3 Nf8 17. Ned5 Nxd5 18. cxd5 Bd7 19. Qe2 Nh7 20. Rfc1 f5 21. Nb5 Bxb5 ({Better is} 21... Nf6 $14) 22. Qxb5 $16 Rxc1+ 23. Rxc1 ({Resist} 23. Bxc1 Nf6 $14) 23... Rf8 24. exf5 gxf5 25. Rc6 f4 26. Qe2 fxg3 (26... Qf7 $16) 27. hxg3 $18 Qf6 28. Be3 Ng5 29. Qg4 Qe7 30. Be4 Nxe4 31. Qxe4 Qd7 32. a4 Rf6 (32... Qd8 $142 33. Qg6 Qf6 34. Rxd6 Qxg6 35. Rxg6 Rf6 36. Rxf6 Bxf6 37. Bxh6 Kf7) 33. a5 bxa5 34. bxa5 {[%cal Bb4a5,Ba5a6][%mdl 32]} Qb7 (34... Rf7 $142 35. Qg6 Rf6) 35. a6 Qb5 36. Bxa7 Bf8 37. Rc7 {[%csl Gc7][%cal Re4h7] [#]} Bg7 38. Be3 Qxa6 39. Qg4 {[%csl Gc7][%cal Rg4g7]} Rf7 40. Qe6 {Precision: White = 95%, Black = 32%.} 1-0

[Event "POR-chT 1st Divison 2018"]
[Site "Maia"]
[Date "2018.07.22"]
[Round "9"]
[White "Nagy, Gabor"]
[Black "Iruzubieta Villaluenga, Jesus"]
[Result "1/2-1/2"]
[WhiteElo "2474"]
[BlackElo "2439"]
[Annotator "TA"]
[PlyCount "79"]
[EventDate "2018.07.16"]
[EventType "team-tourn"]
[EventCountry "POR"]
[SourceTitle "playchess.com"]
[Source "ChessBase"]
[SourceQuality "1"]

{[%evp 9,79,18,24,23,22,17,16,20,19,12,12,8,25,25,25,25,32,28,27,18,47,34,56,60,57,54,56,51,99,95,91,91,80,65,104,82,81,68,106,85,86,79,97,85,81,90,118,56,94,27,33,27,54,6,10,12,89,78,76,78,81,21,25,53,27,0,0,0,41,0,0,0]} 1. c4 c6 2. Nf3 d5 3. Qa4 e6 4. g3 f5 $146 ({Predecessor:} 4... Nd7 5. d3 h5 6. Qc2 Be7 7. h3 e5 8. Bg2 d4 9. O-O Nh6 10. e3 dxe3 11. Bxe3 {½-½ (34) Zubov,A (2615)-Baghdasaryan,V (2401) Poti 2015}) 5. cxd5 exd5 6. Bg2 {A11: English Opening: 1...c6} Nf6 7. O-O Bd6 8. d3 Nbd7 9. Nc3 O-O 10. Qc2 Qe7 11. Re1 Ne5 12. Bf4 Nxf3+ 13. exf3 Qd8 14. Ne2 Re8 15. Qd2 Qc7 16. Bxd6 Qxd6 17. d4 Bd7 18. Nf4 c5 19. dxc5 Qxc5 20. Red1 Bc6 21. Rac1 Qe7 22. b3 Rad8 23. Qd4 a6 24. Bf1 Qd6 25. Rc2 Nd7 26. Rcd2 Ne5 27. Bg2 g5 28. Ne2 (28. Nh5 $16) 28... Ng6 29. Qb6 (29. f4 $16) 29... f4 $11 30. Nd4 Rd7 31. Rc2 {[%cal Rd4c6]} Ne5 32. Re2 Bb5 (32... Qg6 $11) 33. Qxd6 $16 Rxd6 34. Nxb5 axb5 35. Rd4 ({Better is} 35. Red2 $16) 35... Kf7 $11 36. Red2 Red8 $1 37. Rb4 Rb6 {[#] Threatens to win with ...Nc6.} 38. Rbd4 Rbd6 $1 39. Rb4 Rb6 {aiming for ...Nc6.} 40. Rbd4 {Precision: White = 49%, Black = 60%.} 1/2-1/2

[Event "POR-chT 1st Divison 2018"]
[Site "Maia"]
[Date "2018.07.22"]
[Round "9"]
[White "Galego, Luis"]
[Black "Iturrizaga Bonelli, Eduardo"]
[Result "1/2-1/2"]
[WhiteElo "2471"]
[BlackElo "2652"]
[Annotator "TA"]
[PlyCount "57"]
[EventDate "2018.07.16"]
[EventType "team-tourn"]
[EventCountry "POR"]
[SourceTitle "playchess.com"]
[Source "ChessBase"]
[SourceQuality "1"]

{[%evp 15,57,50,56,57,55,40,61,20,31,18,62,14,30,11,12,15,26,38,50,46,51,52,51,51,133,31,92,16,22,9,38,11,8,6,0,0,0,0,35,12,52,0,3,0]} 1. e4 {[%cal Be2e4,Be4e5][%mdl 32]} c5 2. Nf3 g6 3. c3 Nf6 4. e5 Nd5 5. d4 cxd4 6. Qxd4 {B27: Sicilian: 2 Nf3, unusual Black 2nd moves} Nc7 7. Bc4 (7. Na3 Nc6 8. Qh4 d6 9. exd6 Qxd6 10. Be2 Bg7 11. Bh6 Bf6 12. Bg5 Bxg5 13. Nxg5 {½-½ (56) Howell,D (2676)-Iturrizaga Bonelli,E (2665) London 2017}) 7... Bg7 8. Qh4 h6 {LiveBook: 3 Games} 9. O-O b5 $146 ({Predecessor:} 9... Nc6 10. Re1 b5 11. Bb3 Bb7 {½-½ (49) Zhang,J (2250)-Ryjanova,J (2387) Melbourne 2016}) 10. Bb3 Bb7 11. Nbd2 Nc6 12. Re1 $40 {[%mdl 128] White has some attack.} Ne6 13. Bd5 (13. a4 $5 {[%cal Ra4b5]} a6 14. Bd5 $14) 13... Qc7 14. Nb3 Rb8 {[%cal Rc6e5]} 15. Qe4 a5 16. a4 Ba8 17. axb5 Rxb5 18. Qc4 Qb8 19. Bxc6 dxc6 ({Better is} 19... Bxc6 $14 20. Nbd4 Nxd4 21. Nxd4 Rxe5 22. Rxe5 Qxe5) 20. Rxa5 (20. Nxa5 $16 c5 21. Nb7 Rxb7 22. Qa4+ Kd8 23. Qc6 (23. Qxa8 Qxa8 24. Rxa8+ Kc7 $16)) 20... O-O (20... Rxa5 $14 21. Nxa5 Qc7) 21. Rxb5 (21. Ra3 $16) 21... cxb5 $11 22. Qe2 Rd8 23. Nbd4 Nxd4 24. Nxd4 b4 25. Bf4 bxc3 26. bxc3 e6 27. h4 Qc7 28. Qe3 (28. Nb5 $5 {[%cal Rb5c7]} Qc6 29. Qf1 $11) 28... Kh7 29. Qd3 {Precision: White = 18%, Black = 45%.} 1/2-1/2

[Event "POR-chT 1st Divison 2018"]
[Site "Maia"]
[Date "2018.07.22"]
[Round "9"]
[White "Zelbel, Patrick"]
[Black "Cuenca Jimenez, Jose Fernando"]
[Result "1-0"]
[WhiteElo "2418"]
[BlackElo "2513"]
[Annotator "TA"]
[PlyCount "107"]
[EventDate "2018.07.16"]
[EventType "team-tourn"]
[EventCountry "POR"]
[SourceTitle "playchess.com"]
[Source "ChessBase"]
[SourceQuality "1"]

{[%evp 20,107,0,0,24,0,0,0,0,0,0,0,0,0,0,-18,26,32,19,18,51,10,17,0,0,0,8,0,0,0,64,58,70,63,67,80,85,0,31,-3,0,-8,33,-22,-27,-166,60,49,37,52,115,114,113,113,102,45,42,37,46,41,220,219,215,206,396,389,470,419,431,440,427,409,434,435,428,419,585,568,422,215,720,713,666,695,742,697,7320,7320,29986,29987]} 1. e4 e5 2. Nf3 Nc6 3. Bc4 Bc5 4. c3 Nf6 5. d4 exd4 6. e5 d5 7. Be2 {C54: Italienische Partie (Hauptvariante)} (7. Bb5 Ne4 8. cxd4 Bb6 9. Nc3 O-O 10. Be3 Bg4 11. h3 Bh5 12. Qc2 Bxf3 13. gxf3 Ng5 14. O-O-O Nxf3 15. Bxc6 bxc6 16. Qf5 Nh4 17. Qg4 Ng6 {½-½ (38) Naiditsch,A (2701)-Anand,V (2776) Karlsruhe/Baden-Baden 2018}) 7... Ne4 8. cxd4 Bb6 9. O-O O-O 10. Nc3 Be6 11. Be3 {LiveBook: 10 Partien} f5 12. exf6 Qxf6 13. Rc1 h6 14. Na4 Rad8 $146 ({Vorgänger:} 14... Ne7 15. Nxb6 cxb6 {1-0 (35) Coleman,D (2093)-Bamber,E (2102) England 2018}) 15. a3 Bg4 16. Nxb6 axb6 17. b4 (17. Re1 {is interesting.} Qf5 18. b4 Nd6 19. Qb3 Qh5 20. Qd1) 17... Bxf3 (17... Nd6 {keeps more tension.} 18. a4 Nc4 19. b5 N6a5 20. Qc2 Qe6) 18. Bxf3 Rf7 19. Re1 {[%cal Bf1e1,Be1e2,Be2c2][%mdl 32]} Re7 20. Re2 Qf7 21. Rec2 Nd6 22. Rc3 Na7 23. Bh5 g6 24. Be2 ({Bitte nicht} 24. Bxh6 Ne4 $15) 24... Ne4 (24... Rf8 $11) 25. R3c2 $14 Kh7 26. a4 Nc6 27. b5 Na5 28. Rb1 (28. Bd3 $16) 28... Nd6 29. Qc1 Nf5 30. Bd3 Rdd7 31. Bxf5 (31. h4 $14) 31... Qxf5 $11 32. Bxh6 {[#]} (32. Ra2 $11 {und Weiss muss sich keine Sorgen machen.}) 32... Nc4 $2 ({Lieber} 32... Nb3 $1 $19 {[%cal Rb3c1]} 33. Rxb3 Qxc2) 33. Rc3 Re2 34. Rf3 Qe6 (34... Qe4 $14) 35. Bg5 $16 Rf7 36. Rxf7+ Qxf7 37. Qf4 (37. f3 $16) 37... Qxf4 $1 $14 38. Bxf4 {[%mdl 4096] Endspiel KTL-KTS} c6 $1 39. g3 c5 $2 ({Besser ist} 39... Ra2 $14) 40. dxc5 $18 bxc5 41. Rd1 g5 $2 (41... b6 {war angesagt.} 42. Rxd5 Re7) 42. Bxg5 Kg6 43. Bf4 d4 44. Rc1 Nb2 45. Rxc5 Nxa4 46. Rc4 Nc3 47. Rxd4 Rb2 {[#] zielt auf ...Se2+ ab.} 48. Rd6+ Kf5 49. b6 (49. Kg2 $142 Ke4 50. Re6+ Kf5 51. Re5+ Kg6 52. h4) 49... Ne4 $2 (49... Ne2+ 50. Kg2 Nxf4+ 51. gxf4 Kxf4) 50. Rd5+ Kg4 51. Be3 {Droht Kg2 und aus.} Nc3 52. Rc5 {jetzt Kg2 und aus.} Nd1 53. Bd4 Rd2 54. Kg2 {Precision: Weiß = 50%, Schwarz = 30%.} 1-0

[Event "POR-chT 1st Divison 2018"]
[Site "Maia"]
[Date "2018.07.22"]
[Round "9"]
[White "Fernandes, Antonio"]
[Black "Padeiro, Jose"]
[Result "1-0"]
[WhiteElo "2403"]
[BlackElo "2284"]
[Annotator "NA"]
[PlyCount "92"]
[EventDate "2018.07.16"]
[EventType "team-tourn"]
[EventCountry "POR"]
[SourceTitle "playchess.com"]
[Source "ChessBase"]
[SourceQuality "1"]
[TimeControl "5400+30"]

1. d4 {[%emt 0:00:25]} Nf6 {[%emt 0:00:19]} 2. Nf3 {[%emt 0:00:22]} e6 {[%emt 0:00:22]} 3. g3 {[%emt 0:00:14]} d5 {[%emt 0:01:01]} 4. Bg2 {[%emt 0:00:02]} Be7 {[%emt 0:00:06]} 5. O-O {[%emt 0:00:10]} O-O {[%emt 0:00:04]} 6. c4 {[%emt 0:00:03]} c6 {[%emt 0:00:11]} 7. Qc2 {[%emt 0:00:18]} b6 {[%emt 0:00:11]} 8. b3 {[%emt 0:00:58]} Bb7 {[%emt 0:00:15]} 9. Nc3 {[%emt 0:00:14]} Na6 {[%emt 0:00:24]} 10. Rd1 {[%emt 0:04:47]} Rc8 {[%emt 0:02:02]} 11. e4 $16 {[%emt 0:08:45] LiveBook: 16 Games} Re8 {[%emt 0:28:36]} 12. Bf4 {[%emt 0:12:43]} h6 {[%emt 0:06:23]} 13. h4 {[%emt 0:02:39]} Bb4 {[%emt 0:04:12]} 14. e5 {[%emt 0:11:18]} Nd7 {[%emt 0:00:42]} 15. Na4 {[%emt 0:05:24]} Bf8 {[%emt 0:03:06]} 16. Qe2 {[%emt 0:04:59]} Nc7 {[%emt 0:03:25]} 17. Nh2 {[%emt 0:04:24]} b5 {[%emt 0:05:29]} 18. Nb2 {[%emt 0:12:18]} bxc4 {[%emt 0:00:26]} 19. bxc4 {[%emt 0:00:02]} c5 {[%emt 0:04:29]} 20. dxc5 {[%emt 0:07:32]} Nxc5 {[%emt 0:02:05]} 21. Ng4 {[%emt 0:00:28]} Nd7 {[%emt 0:10:24]} 22. Ne3 {[%emt 0:02:52]} Qe7 {[%emt 0:09:38]} 23. cxd5 {[%emt 0:10:09]} Nxd5 {[%emt 0:00:20]} 24. Nxd5 {[%emt 0:00:20]} exd5 {[%emt 0:04:05]} 25. Bxd5 {[%emt 0:00:13]} Bxd5 {[%emt 0:00:36]} 26. Rxd5 {[%emt 0:00:02]} Nb6 {[%emt 0:01:04]} 27. Ra5 {[%emt 0:03:54]} Rc6 {[%emt 0:01:52]} 28. Rd1 {[%emt 0:02:45]} Rec8 {[%emt 0:00:32]} 29. Qe4 {[%emt 0:00:21]} Rc2 {[%emt 0:06:46]} 30. Rb1 {[%emt 0:00:38]} Qd7 {[%emt 0:01:26]} 31. Be3 {[%emt 0:00:45]} Re2 {[%emt 0:01:58]} 32. e6 {[%emt 0:03:03]} Qxe6 {[%emt 0:01:14]} 33. Qxe6 {[%emt 0:01:00]} fxe6 {[%emt 0:00:01]} 34. Nd3 {[%emt 0:00:55]} Nd5 {[%emt 0:03:07]} 35. Nf4 {[%emt 0:00:50]} Nxf4 {[%emt 0:00:14]} 36. gxf4 {[%emt 0:00:04]} Rc7 {[%emt 0:00:51]} 37. Rb8 {[%emt 0:00:33]} Kf7 {[%emt 0:00:31]} 38. Ra8 {[%emt 0:00:54]} Be7 {[%emt 0:00:30]} 39. R8xa7 {[%emt 0:00:33]} Rec2 {[%emt 0:00:24]} 40. a4 {[%emt 0:01:27]} Bxh4 {[%emt 0:00:29]} 41. Bb6 {[%emt 0:00:34]} Rxa7 {[%emt 0:00:16]} 42. Rxa7+ {[%emt 0:00:02]} Kg6 {[%emt 0:00:27]} 43. a5 {[%emt 0:00:15]} Rc6 {[%emt 0:00:56]} 44. Rb7 {[%emt 0:00:52]} Rc1+ {[%emt 0:00:25]} 45. Kg2 {[%emt 0:00:02]} Bf6 {[%emt 0:00:35]} 46. a6 {[%emt 0:00:12]} e5 1-0

[Event "POR-chT 1st Divison 2018"]
[Site "Maia"]
[Date "2018.07.22"]
[Round "9"]
[White "Vassallo Barroche, Mauricio"]
[Black "Korneev, Oleg"]
[Result "1/2-1/2"]
[WhiteElo "2386"]
[BlackElo "2506"]
[Annotator "TA"]
[PlyCount "54"]
[EventDate "2018.07.16"]
[EventType "team-tourn"]
[EventCountry "POR"]
[SourceTitle "playchess.com"]
[Source "ChessBase"]
[SourceQuality "1"]

{[%evp 24,54,35,20,18,18,41,19,42,20,40,35,30,17,52,45,46,0,0,0,0,7,60,62,64,53,52,23,20,35,33,39,37]} 1. d4 Nf6 2. Nf3 d5 3. c4 c6 4. e3 Bf5 5. Nc3 e6 6. Nh4 Be4 7. f3 Bg6 8. Qb3 Qc7 9. Bd2 {D12: Slav Defence: 3 Nf3 Nf6 4 e3 Bf5} Be7 10. g3 Nbd7 11. Rc1 (11. cxd5 exd5 12. O-O-O a5 13. Nxg6 hxg6 14. Qc2 a4 15. e4 a3 16. e5 axb2+ {0-1 (59) Le,Q (2737)-Mamedov,R (2709) Huaian 2017}) 11... Nb6 12. cxd5 exd5 13. Nxg6 {LiveBook: 7 Games} hxg6 14. Bd3 O-O 15. O-O Qd7 {[#]} 16. Kg2 $146 ({Predecessor:} 16. Ne2 Rfe8 {1-0 (46) Rozum,I (2559)-Yagupov,I (2400) Kazan 2016}) 16... Rfe8 17. Ne2 Bf8 18. g4 Nc8 19. Ng3 Nd6 20. Qd1 Nc4 21. Bxc4 dxc4 22. g5 $36 {[%mdl 2048] White has good play.} Nd5 (22... Nh5 $11) 23. e4 $14 Nc7 24. Rxc4 b5 25. Rc2 Qxd4 26. Rxc6 Ne6 {[#] Strongly threatening ...Red8.} 27. Bc1 Qb4 {Precision: White = 61%, Black = 51%.} 1/2-1/2

[Event "POR-chT 1st Divison 2018"]
[Site "Maia"]
[Date "2018.07.22"]
[Round "9"]
[White "Sousa, Andre Ventura"]
[Black "Oratovsky, Michael"]
[Result "1-0"]
[WhiteElo "2373"]
[BlackElo "2474"]
[Annotator "TA"]
[PlyCount "79"]
[EventDate "2018.07.16"]
[EventType "team-tourn"]
[EventCountry "POR"]
[SourceTitle "playchess.com"]
[Source "ChessBase"]
[SourceQuality "1"]

{[%evp 11,79,0,16,-8,14,0,11,-13,7,15,-5,-18,-36,-34,-32,-40,17,9,14,0,33,0,3,0,0,0,-1,-8,61,8,0,0,17,17,17,17,20,12,12,12,11,18,16,13,250,245,252,249,241,236,231,244,210,234,216,211,206,194,245,231,228,232,229,31,22,22,29996,29997,29999,12844]} 1. e4 c5 2. Nf3 e6 3. b3 a6 4. Bb2 Nc6 5. c4 Nf6 6. e5 {B40: Sicilian: 2...e6, Unusual lines} Ng4 {LiveBook: 26 Games} 7. g3 Nh6 8. Bh3 {The position is equal.} Be7 9. O-O f6 $146 ({Predecessor:} 9... O-O 10. Nc3 f6 11. Ne4 fxe5 12. Nxe5 Nd4 13. Bxd4 cxd4 {½-½ (69) Reza,W (2283)-Tregubov,P (2575) Katowice 2017}) 10. d4 cxd4 11. Nxd4 Nxe5 12. Nc3 O-O 13. Qe2 Nc6 (13... Qc7 $15) 14. Rad1 {[%cal Rd4e6] And now Nxe6! would win.} Qc7 15. Rd2 f5 16. Rfd1 Bf6 17. Na4 Nxd4 18. Bxd4 Bxd4 19. Rxd4 b6 (19... b5 $1 $11 20. cxb5 axb5 21. Qxb5 d5) 20. Bg2 (20. Rd6 $1 $14 Rb8 21. Qe3) 20... Rb8 $11 21. b4 f4 22. c5 fxg3 23. hxg3 Nf5 24. R4d2 {[%cal Bd4d2,Bd2d7,Bd7b7,Bb7f7][%mdl 32]} bxc5 25. Nxc5 Rxb4 26. Nxd7 Bxd7 27. Rxd7 Qb6 $2 (27... Qc4 $11 {and Black has nothing to worry.} 28. Qxc4 Rxc4) 28. Rb7 $1 $18 {[%cal Rb7b6]} Qc5 29. Qxe6+ Kh8 {[#]} 30. Rf7 $1 Rbb8 {[#]} 31. Rd5 $1 {[%cal Rd5c5]} Qc1+ 32. Bf1 Rxf7 33. Qxf7 Nh6 34. Qe6 $40 {[%mdl 128] White attacks with force.} Rf8 (34... Qa3 $142 35. Qxa6 Qf8) 35. Qe7 ({Don't take} 35. Qxa6 $6 Ng8) 35... Rg8 36. a4 Qc6 37. Rd6 $2 ({Better is} 37. Ra5 $18) 37... Qxa4 $14 38. Bd3 {Black must now prevent Kg2.} Qe8 $2 {[%mdl 8192] [#]} (38... Re8 $11 39. Rd8 Rxd8 40. Qxd8+ Ng8) 39. Rxh6 $1 {[%csl Gd3][%cal Rh6h7][%mdl 512]} Qa4 (39... gxh6 40. Qxh7#) 40. Rd6 {Precision: White = 59%, Black = 35%.} (40. Rxh7# $142) 1-0